Joueurs ayant évolué au SM Caen avec une sélection (2010-2024) - Statistiques

Statistiques générales
  • Ce quiz a été pris 80 fois
  • Le résultat moyen est 18 sur 66
Statistiques - réponses
Sélections Période à Caen Joueurs % Correct
France (53 sélections) 2013-15 N'Golo Kanté
87%
Algérie (4 sélections) 2022- Anthony Mandréa
76%
Tunisie (24 sélections) 2021- Ali Abdi
73%
Guinée-Bissau (7 sélections) 2021- Alexandre Mendy
69%
France (22 sélections) 2011-15 Thomas Lemar
69%
Croatie (7 sélections) 2016-18 Ivan Santini
65%
Suède (2 sélections) 2023 Anton Salétros
56%
Maroc (51 sélections) 2011-14 Fayçal Fajr
55%
Portugal (65 sélections) 2008-13 Raphael Guerreiro
54%
Maroc (47 sélections) 2007-11 Youssef El Arabi
54%
Martinique (9 sélections) 2021- Yannis Clémentia
52%
Tunisie (48 sélections) 2015-17 ; 2023- Syam Ben Youssef
45%
USA (8 sélections) 2019-22 Nicholas Gioacchini
44%
Bénin (22 sélections) 2014-19 Emmanuel Imorou
42%
Algérie (15 sélections) 2015-16 Andy Delort
38%
Slovénie (4 sélections) 2017-20 Jan Repas
38%
Tchad (18 sélections) 2018-19 Casimir Ninga
35%
Côte d'Ivoire (20 sélections) 2010-13 Kandia Traoré
35%
Cap-Vert (3 sélections) 2021-22 Nuno Da Costa
35%
Congo (41 sélections) 2018-22 Prince Oniangue
35%
Haiti (33 sélections) 2015-18 Jeff Louis
34%
Tunisie (25 sélections) 2014-17 Alaeddine Yahia
31%
France (2 sélections) 2017-19 Brice Samba
31%
Burundi (28 sélections) 2015-16 Saidi Ntibazonkiza
31%
Côte d'Ivoire (18 sélections) 2016-19 Ismael Diomandé
30%
Maroc (23 sélections) 2017-18 Youssef Aït Bennasser
30%
Maroc (7 sélections) 2018-21 Yacine Bammou
27%
Sénégal (7 sélections) 2017-21 Adama M'Bengue
25%
Comores (33 sélections) 2015-19 Chaker Alhadhur
24%
Haiti (10 sélections) 2016-19 Romain Genevois
24%
Burkina-Faso (77 sélections) 2019-21 Steeve Yago
24%
Ghana (23 sélections) 2017-19 Alexander Djiku
23%
Haiti (13 sélections) 2014-18 Hervé Bazile
23%
Sénégal (15 sélections) 2010-12 M'Baye Niang
23%
Tunisie (28 sélections) 2018-19 Saîf-Eddine Khaoui
23%
Comores (14 sélections) 2017-21 Younn Zahary
21%
Guadeloupe (3 sélections) 2018-19 Claudio Beauvue
20%
Haiti (38 sélections) 2012-15 Jean-Jacques Pierre
20%
Bénin (47 sélections) 2014-17 Jordan Adéoti
20%
Guadeloupe (4 sélections) 2010-15 Lenny Nangis
20%
Mali (28 sélections) 2011-14 Molla Wagué
18%
Guinée (23 sélections) 2017-20 Baissama Sankoh
17%
Cameroun (3 sélections) 2021-23 Franklin Wadja
17%
Gabon (14 sélections) 2011-15 Yrondu Musavu-King
17%
Cameroun (23 sélections) 2022-23 Adolphe Teikeu
15%
Martinique (10 sélections) 2019-22 Jonathan Rivierez
15%
Mali (32 sélections) 2008-11 Sambou Yatabaré
14%
RD Congo (7 sélections) 2015-17 Jordan N'Kololo
13%
Guadeloupe (5 sélections) 2013-17 ; 2019-20 Jordan Tell
13%
Algérie (2 sélections) 2012-14 Laurent Agouazi
13%
Congo (23 sélections) 2017-19 Durel Avounou
11%
Sénégal (3 sélections) 2019-21 Santy Ngom
11%
Comores (9 sélections) 2022-23 Iyad Mohamed
10%
Guadeloupe (7 sélections) 2015-18 Jordan Leborgne
10%
Guinée (4 sélections) 2013-15 Fodé Koita
8%
Sénégal (1 sélection) 2019-20 Pape Djibril Diaw
8%
Guyane (11 sélections) 2014-15 Sloan Privat
8%
RD Congo (1 sélection) 2019-20 Arnold Isako
7%
Mali (3 sélections) 2013 Sidy Koné
6%
Gabon (25 sélections) 2011-12 Frédéric Bulot
4%
Guadeloupe (15 sélections) 2006-11 Livio Nabab
4%
RD Congo (35 sélections) 2012-13 Neeskens Kebano
4%
Sénégal (3 sélections) 2016-18 Pape Sané
4%
Mali (3 sélections) 2011-13 Ibrahima Tandia
3%
Côté d'Ivoire (27 sélections) 2013-14 Jonathan Kodija
3%
Bénin (2 sélections) 2019- Andreas Hountoudji
0%
Aucun quiz correspondant
Distribution des résultats
% des personnes avec chaque résultat
Percentile par nombre de réponses
Votre historique - résultats
Vous n’avez pas pris ce quiz